000 00833nam a2200193 i 4500
001 163019
003 ES-MaACL
005 20230906212642.0
008 931025s1851 sp |||| | spa d
080 _a5:061.22(460.27 M.)
110 2 _aAcademia de Ciencias Naturales (Madrid)
_9143767
245 1 0 _aResumen de las actas de la Academia Real de Ciencias de Madrid en el año académico de 1850 a 1851, leído en la sesión del día 13 de octubre /
_cpor el secretario perpetuo... Mariano Lorente.
260 _aMadrid :
_b[s.n.],
_c1851 (
_fAguado)
300 _a55 p. ;
_c20 cm.
510 4 _aPalau,
_c262885
610 2 4 _aAcademia de Ciencias Naturales (Madrid)-
_vMemorias.
_9143768
700 1 _aLorente, Mariano.
_974107
852 4 _aES-MaACL
_jT-29-F-9
_z- Enc. hol., falto de cub. original
_z- Enc. en un vol. facticio
999 _c163019
_d163019